مكتبة جامعة عجلون الوطنية

فهرس بحث المكتبة

I CANT DRAW : 60 activities that will teach you how/ (Record no. 33728)

MARC details
000 -LEADER
fixed length control field 00436nam a22001697a 4500
003 - CONTROL NUMBER IDENTIFIER
control field JO-AjAnu
005 - DATE AND TIME OF LATEST TRANSACTION
control field 20241020122131.0
008 - FIXED-LENGTH DATA ELEMENTS--GENERAL INFORMATION
fixed length control field 241016b jo ||||| |||| 00| 0 ara d
040 ## - CATALOGING SOURCE
Transcribing agency JO-AjAnu
041 ## - LANGUAGE CODE
Language code of text/sound track or separate title ENG
100 #1 - MAIN ENTRY--PERSONAL NAME
Personal name CROOK.LYDIA
9 (RLIN) 66247
Relator term auther
245 #1 - TITLE STATEMENT
Title I CANT DRAW : 60 activities that will teach you how/
Statement of responsibility, etc. lydia crook
260 ## - PUBLICATION, DISTRIBUTION, ETC.
Date of publication, distribution, etc. 2020
300 ## - PHYSICAL DESCRIPTION
Extent Pages : 122
650 70 - SUBJECT ADDED ENTRY--TOPICAL TERM
Topical term or geographic name entry element drawing
9 (RLIN) 66248
942 ## - ADDED ENTRY ELEMENTS (KOHA)
Source of classification or shelving scheme Library of Congress Classification
Koha item type Books
Suppress in OPAC No
Holdings
Withdrawn status Lost status Source of classification or shelving scheme Damaged status Not for loan Home library Current library Date acquired Total Checkouts Full call number Barcode Date last seen Price effective from Koha item type
    Library of Congress Classification     مكتبة جامعة عجلون الوطنية مكتبة جامعة عجلون الوطنية 16/10/2024   NC590 2020 E3919 16/10/2024 16/10/2024 Books